Statistics for One Word, One Fact: Minecraft Ores

Click here to take the quiz!

General Stats

  • This quiz has been taken 16 times
  • The average score is 7 of 16

Answer Stats

HintAnswer% Correct
It changes color when exposedCopper
80%
It makes the fastest tools, but the tools also break quickly.Gold
80%
It's found in geodesAmethyst
60%
It was dethroned as the best ore in 1.16Diamond
60%
It can make a mob if four of it is placed with a pumpkin on topIron
60%
it has an alternative version made of woodCoal
40%
It can only be broken by a cactusNetherite
40%
Pillars in the End are made out of thisObsidian
40%
It's named after the Swedish word for purplePurpur
40%
The block it makes outputs a signalRedstone
40%
It can contain a SilverfishStone
40%
The ore is the worst way to obtain itEmerald
20%
It was useless outside of building before 1.8Lapis
20%
It was originally called bloodstoneNetherrack
20%
A Reddit user came up with the name for itPrismarine
20%
It is used to craft a daylight detectorQuartz
20%

Score Distribution

Percentile by Number Answered

Percent of People with Each Score

Your Score History

You have not taken this quiz